000
00281nam a22001097a 4500
008
160423b xxu||||| |||| 00| 0 eng d
020
_a
0805380892
041
_a
eng
080
_a
612.39
245
1
0
_a
Nutrition an applied approach:
_c
Janice thompson; Melinda Manore;
942
_2
udc
_c
BK
999
_c
1553
_d
1553